=LDR 00000nam 2200000 4500 =001 INLIS000000000007513 =005 20130612095512 =008 ***********************************Ind** =035 ##$$0010-061300000007513 =041 ##$$a Ind =082 ##$$a 574.526 404 =090 ##$$a 574.526 404, Isk e =100 ##$$a ISKANDAR, Johan =245 ##$$a Ekologi perladangan di Indonesia, Study kasus dari Daerah Baduy Banten Selatan, Johan Iskandar. -- =260 ##$$a 1992 $b Jakarta =300 ##$$a x, 145 hlm, ilus, 21 cm =650 ##$$a Ekologi - Tanah